Statistics for Complete the Card - WCW Spring Stampede 2000

Click here to take the quiz!

General Stats

  • This quiz has been taken 74 times
  • The average score is 17 of 30

Answer Stats

Answer% Correct
Booker T
95%
Scott Steiner
92%
Sting
92%
Jeff Jarrett
87%
Diamond Dallas Page
85%
Ric Flair
82%
Billy Kidman
79%
Lex Luger
79%
Buff Bagwell
74%
Jimmy Hart
74%
Mike Awesome
69%
Stevie Ray
64%
Big T
62%
Vampiro
59%
Norman Smiley
56%
Shane Douglas
51%
Juventud Guerrera
49%
Terry Funk
46%
Chris Candido
44%
Shannon Moore
44%
Don Harris
41%
Ron Harris
41%
Mancow
38%
Big Vito
36%
Johnny the Bull
36%
The Wall
36%
Crowbar
33%
Ernest Miller
31%
The Artist
31%
Lash LeRoux
23%

Score Distribution

Percentile by Number Answered

Percent of People with Each Score

Your Score History

You have not taken this quiz